| 000 | 00985nam a22002897a 4500 | ||
|---|---|---|---|
| 001 | 000052148 | ||
| 003 | DO-SdBNP | ||
| 005 | 20180119105748.0 | ||
| 007 | 000052148 | ||
| 008 | 160530b 2003 cl ||||| |||| 00| 0 spa d | ||
| 020 | _a9580475288 | ||
| 040 |
_aBPMSU _bspa _cBPMSU |
||
| 041 | 1 | 7 |
_aspa _heng |
| 092 |
_axxxxx _bxxxxx |
||
| 100 | 1 | _aBlanchard, Ken | |
| 240 | 1 | 0 |
_aZap the gaps! : target higher performance and achieve it! _lEspañol. |
| 245 | 1 | 0 |
_a¡Cierre las brechas! : _bbusque el máximo rendimiento ¡y alcáncelo! / _cKen Blanchard, Dana Robinson, Jim Robinson ; traducción de Nicolás Suescún ; prólogo de Sheldon Bowles. |
| 260 |
_aBogotá, Colombia : _bGrupo Editorial Norma, _c2003. |
||
| 300 |
_a144 p. ; _c21 cm. |
||
| 700 | 1 | _aRobinson, Dana | |
| 700 | 1 | _aRobinson, Jim | |
| 700 | 1 | 2 |
_aSuescún, Nicolás, _etr. |
| 700 | 1 | 2 |
_aBowles, Sheldon, _epról. |
| 942 |
_2ddc _cBK |
||
| 945 | _aInventariado, 2018/LP | ||
| 956 |
_aLOPEREZ _b10 _c20160530 |
||
| 999 |
_c10229 _d10229 |
||